| 000 | 00935cab a2200229 4500 | ||
|---|---|---|---|
| 001 | WB2819-78 | ||
| 008 | 090401t1992 xxu||||| |||| 00| 0 eng d | ||
| 035 | _a(Sirsi) u7544 | ||
| 041 | _aeng | ||
| 245 | _aConstruction of old charters | ||
| 260 | _c1992 | ||
| 350 | _a0 | ||
| 490 |
_aTimes _v11 May 1992, LT8(1) |
||
| 520 | _aIn "Crown Estate Commissioners v City of London", ChD 6 May 1992, it was held that on the true construction of three Royal Charters of 1444, 1505 and 1638 Smithfield Market was owned in fee simple by the City of London and not by the Crown, but there were certain restrictions upon the uses to which land might be put which were enforceable as a matter of covenant between the City and the Crown. | ||
| 650 | _aCOMMON SOILS | ||
| 650 | _aFEE SIMPLE | ||
| 650 | _aROYAL CHARTERS | ||
| 650 | _aSMITHFIELD MARKET | ||
| 690 | _aPROPERTY LAW AND PRACTICE-CASE LAW | ||
| 942 | _n0 | ||
| 948 | _c04/03/1997 | ||
| 999 |
_c4571 _d4571 |
||